| 000 -LEADER |
| fixed length control field |
00927nam a22002177a 4500 |
| 005 - DATE AND TIME OF LATEST TRANSACTION |
| control field |
20200312124519.0 |
| 008 - FIXED-LENGTH DATA ELEMENTS--GENERAL INFORMATION |
| fixed length control field |
200312b ||||| |||| 00| 0 eng d |
| 020 ## - INTERNATIONAL STANDARD BOOK NUMBER |
| International Standard Book Number |
9780062381019 |
| 040 ## - CATALOGING SOURCE |
| Transcribing agency |
KH8 |
| 082 ## - DEWEY DECIMAL CLASSIFICATION NUMBER |
| Classification number |
FIC CHI |
| 100 ## - MAIN ENTRY--PERSONAL NAME |
| Personal name |
Chima, Cinda Williams |
| Relator term |
author |
| 245 ## - TITLE STATEMENT |
| Title |
Stormcaster : |
| Remainder of title |
a shattered realms novel / |
| Statement of responsibility, etc. |
Cinda Williams Chima |
| 260 ## - PUBLICATION, DISTRIBUTION, ETC. |
| Place of publication, distribution, etc. |
New York, NY : |
| Name of publisher, distributor, etc. |
HarperTeen, an imprint of HarperCollinsPublishers, |
| Date of publication, distribution, etc. |
2019. |
| 300 ## - PHYSICAL DESCRIPTION |
| Extent |
535, 9 pages : |
| Other physical details |
illustrations ; |
| Dimensions |
21 cm. |
| 440 ## - SERIES STATEMENT/ADDED ENTRY--TITLE |
| Title |
Shattered realms novel ; |
| Number of part/section of a work |
Book 3. |
| 520 ## - SUMMARY, ETC. |
| Summary, etc. |
Seafarer Evan Strangeward tries to convince the Gray Wolf queen to take a stand against Empress Celestine to save the Seven Realms, while the empress' own daughter, Princess Alyssa, remains a prisoner aboard a ship, as she secretly works to defeat the empress. |
| 650 ## - SUBJECT ADDED ENTRY--TOPICAL TERM |
| Topical term or geographic name entry element |
Revenge |
| Form subdivision |
Fiction. |
| 650 ## - SUBJECT ADDED ENTRY--TOPICAL TERM |
| Topical term or geographic name entry element |
Magic |
| Form subdivision |
Fiction |
| 650 ## - SUBJECT ADDED ENTRY--TOPICAL TERM |
| Topical term or geographic name entry element |
Fantasy. |
| 942 ## - ADDED ENTRY ELEMENTS (KOHA) |
| Source of classification or shelving scheme |
|
| Koha item type |
Books - Fiction |